Financial Accounting. (Record no. 1512)

MARC details
005 - DATE AND TIME OF LATEST TRANSACTION
control field 20250416112506.0
020 ## - INTERNATIONAL STANDARD BOOK NUMBER
International Standard Book Number 0-53801331-1
082 ## - DEWEY DECIMAL CLASSIFICATION NUMBER
Classification number 657.3 FES
100 ## - MAIN ENTRY--PERSONAL NAME
Author name FESS, P. E.
245 ## - TITLE STATEMENT
Title Financial Accounting.
260 ## - PUBLICATION, DISTRIBUTION, ETC.
Place of publication, distribution, etc. London,
Name of publisher, distributor, etc. South-western publishing co,
Date of publication, distribution, etc. 1982.
300 ## - PHYSICAL DESCRIPTION
Extent 645p.: Ill.;figures
Other physical details Index
Dimensions 24cm.
700 ## - ADDED ENTRY--PERSONAL NAME
Other authors/Editors WAREE, C. S.
942 ## - ADDED ENTRY ELEMENTS (KOHA)
Source of classification or shelving scheme Dewey Decimal Classification
Koha item type Books
Holdings
Date last seen Total checkouts Full call number Barcode Cost, replacement price Price effective from Koha item type Lost status Source of classification or shelving scheme Damaged status Not for loan Withdrawn status Home library Current library Shelving location Date acquired Cost, normal purchase price
04/16/2025   657.3 FES 0000005646 30000.00 04/16/2025 Books   Dewey Decimal Classification       College of Business Education Main Library College of Business Education Main Library General Collection 04/16/2025 10000.00